المطول فى علم الاجتماع/ (رقم التسجيلة. 180101)

تفاصيل مارك
000 -LEADER
fixed length control field 01675namaa2200397 i 4500
003 - CONTROL NUMBER IDENTIFIER
control field EG-GICUC
005 - DATE AND TIME OF LATEST TRANSACTION
control field 20260511124625.0
008 - FIXED-LENGTH DATA ELEMENTS--GENERAL INFORMATION
fixed length control field 260511s2007 sy |||jr|||| 000 0 ara d
040 ## - CATALOGING SOURCE
Original cataloging agency EG-GiCUC
Language of cataloging ara
Transcribing agency EG-GiCUC
Modifying agency EG-GiCUC
Description conventions rda
041 1# - LANGUAGE CODE
Language code of text/sound track or separate title ara
Language code of original fre
082 04 - DEWEY DECIMAL CLASSIFICATION NUMBER
Edition number 21
Classification number 301
Item number M9923
092 04 - LOCALLY ASSIGNED DEWEY CALL NUMBER (OCLC)
Edition number 21
Classification number 301
Item number M9923
099 ## - LOCAL FREE-TEXT CALL NUMBER (OCLC)
Classification number 301 M9923
100 1# - MAIN ENTRY--PERSONAL NAME
Relator term مؤلف.
240 1# - UNIFORM TITLE
Uniform title Traité de sociologie
Version Arabic
245 #2 - TITLE STATEMENT
Title المطول فى علم الاجتماع/
Statement of responsibility, etc. تأليف جان باشلار...[وآخرون] ؛ إشراف ريمون بودون ؛ ترجمة وجيه أسعد.
250 ## - EDITION STATEMENT
Edition statement الطبعة الاولى
264 ## - PRODUCTION, PUBLICATION, DISTRIBUTION, MANUFACTURE, AND COPYRIGHT NOTICE
Place of production, publication, distribution, manufacture دمشق (سوريا) :
Name of producer, publisher, distributor, manufacturer وزارة الثقافة، منشورات الهيئة العامة السورية للكتاب،
Date of production, publication, distribution, manufacture, or copyright notice 2007.
300 ## - PHYSICAL DESCRIPTION
Extent مجلد 2
Other physical details ؛
Dimensions 24 سم
336 ## - CONTENT TYPE
Source rdacontent
Content type term text
337 ## - MEDIA TYPE
Source rdamedia
Media type term Unmediated
338 ## - CARRIER TYPE
Source rdacarrier
Carrier type term volume
500 ## - GENERAL NOTE
General note التردجمة العربية لـ : Traité de sociologie
504 ## - BIBLIOGRAPHY, ETC. NOTE
Bibliography, etc. note 409-371 ببليوجرافيا: صفحة. <br/>يشتمل على هوامش
541 ## - IMMEDIATE SOURCE OF ACQUISITION NOTE
Source of acquisition د. جابر عصفور ؛
Address القاهرة ؛
Method of acquisition إهداء ؛
Date of acquisition 2024.
650 17 - SUBJECT ADDED ENTRY--TOPICAL TERM
Topical term or geographic name entry element الاجتماع، علم
Source of heading or term qrmak
651 1# - SUBJECT ADDED ENTRY--GEOGRAPHIC NAME
Source of heading or term qrmak
700 1# - ADDED ENTRY--PERSONAL NAME
Personal name بال، فارنسيس
Relator term مؤلف مشارك.
700 1# - ADDED ENTRY--PERSONAL NAME
Personal name بيرنبوم، بيير
Relator term مؤلف مشارك.
700 1# - ADDED ENTRY--PERSONAL NAME
Personal name شازل، فرانسوا
Relator term مؤلف مشارك.
700 1# - ADDED ENTRY--PERSONAL NAME
Personal name بودون، ريمون
Relator term مشرف.
700 1# - ADDED ENTRY--PERSONAL NAME
Personal name أسعد، وجيه
Relator term مترجم.
710 2# - ADDED ENTRY--CORPORATE NAME
Corporate name or jurisdiction name as entry element وزارة الثقافة، الهيئة العامة السورية للكتاب
905 ## - Cataloger and Reviser Names
Cataloger Name Aya Mohamed
942 ## - ADDED ENTRY ELEMENTS (KOHA)
Source of classification or shelving scheme Dewey Decimal Classification
Koha item type Books
Edition 21
Suppress in OPAC No
المقتنيات
Withdrawn status Lost status Source of classification or shelving scheme Damaged status Not for loan Home library Current library Date acquired Inventory number Total checkouts Full call number Barcode Date last seen Price effective from Koha item type
    Dewey Decimal Classification   Not for loan المكتبة المركزبة الجديدة - جامعة القاهرة قاعة المكتبات المهداة - الدور الرابع 11.05.2026 175361   301 M9923 v.1 J.U. 01000100175361001 11.05.2026 11.05.2026 Books
    Dewey Decimal Classification   Not for loan المكتبة المركزبة الجديدة - جامعة القاهرة قاعة المكتبات المهداة - الدور الرابع 11.05.2026 175361   301 M9923 v.2 J.U. 01000100175361002 11.05.2026 11.05.2026 Books
Cairo University Libraries Portal Implemented & Customized by: Eng. M. Mohamady Contacts: new-lib@cl.cu.edu.eg | cnul@cl.cu.edu.eg
CUCL logo CNUL logo
© All rights reserved — Cairo University Libraries
CUCL logo
Implemented & Customized by: Eng. M. Mohamady Contact: new-lib@cl.cu.edu.eg © All rights reserved — New Central Library
CNUL logo
Implemented & Customized by: Eng. M. Mohamady Contact: cnul@cl.cu.edu.eg © All rights reserved — Cairo National University Library